Statistics for Types of iPhones

Click here to take the quiz!

General Stats

  • This quiz has been taken 36 times
  • The average score is 8 of 15

Answer Stats

HintAnswer% Correct
iPhoneiPhone
100%
iPhone 6iPhone 6
71%
iPhone 4iPhone 4
64%
iPhone 6iPhone 6S
64%
iPhone 5iPhone 5
61%
iPhone 4iPhone 4S
54%
iPhone 5iPhone 5S
54%
iPhone 7iPhone 7
54%
iPhone 5iPhone 5C
50%
iPhone 7iPhone 7 Plus
46%
iPhone 6iPhone 6 Plus
43%
iPhone 3iPhone 3G
39%
iPhone 6iPhone 6S Plus
39%
iPhone 5iPhone SE
39%
iPhone 3iPhone 3GS
29%

Score Distribution

Percentile by Number Answered

Percent of People with Each Score

Your Score History

You have not taken this quiz